00848nam a22001695i 4500001000700000003000900007005001700016008004100033040002000074100005400094245004800148250008400196260011200280300003900392505018500431852006200616167733ES-MaACL20250929063249.0980708s1852 fr |||| | fre d aCYL bspa cCYL1 aVivien, Alexandre François Auguste, d1799-185410aÉtudes administratives / cpar M. Vivien. aDeuxième édition entièrement refondue, et considérablement augmentée. aParis : bGuillaumin et Cie., Libraires-Editeurs, c1852 (eA Saint Germain en Laye : fImprimerie de Beau) a2 vol. (XV-356, 428 p.) ; c18 cm.8 aContiene: Tome premier, Première partie : Organisation et principes généraux de l'administration. -- Tome second, Deuxième partie : Branches spéciales de l'administration aES-MaACLjD-3046-47 z-- Enc. hol. q-- Son los T. I y II